Commentary on information technology act with rules, regulations, orders, guidelines, reports and policy documents (Record no. 300638)

MARC details
000 -LEADER
fixed length control field 00488nam a22001577a 4500
005 - DATE AND TIME OF LATEST TRANSACTION
control field 20250717100925.0
008 - FIXED-LENGTH DATA ELEMENTS--GENERAL INFORMATION
fixed length control field 250717b |||||||| |||| 00| 0 eng d
020 ## - INTERNATIONAL STANDARD BOOK NUMBER
International Standard Book Number 9789351437116
082 ## - DEWEY DECIMAL CLASSIFICATION NUMBER
Classification number 343.54 SAP;1 R
100 ## - MAIN ENTRY--PERSONAL NAME
Personal name Sapre, Akshay. Gupta, Apar.
245 ## - TITLE STATEMENT
Title Commentary on information technology act with rules, regulations, orders, guidelines, reports and policy documents
250 ## - EDITION STATEMENT
Edition statement 3rd ed.
260 ## - PUBLICATION, DISTRIBUTION, ETC. (IMPRINT)
Place of publication, distribution, etc. Haryana
Name of publisher, distributor, etc. Lexis Nexis
Date of publication, distribution, etc. 2016
300 ## - PHYSICAL DESCRIPTION
Extent lxix, 974
942 ## - ADDED ENTRY ELEMENTS (KOHA)
Koha item type Law Books
Holdings
Date last seen Total Checkouts Full call number Accession number Checked out Date checked out Copy number Cost, replacement price Price effective from Category Lost status Source of classification or shelving scheme Damaged status Department Withdrawn status bill no. bill date Permanent Location Current Location Shelving location Entry date Vendor Cost, normal purchase price Grants Currency symbol Conversion rate Discount
10/06/2026 1 343.54 SAP;1 R LL4514 24/06/2026 10/06/2026 1 1744.20 17/07/2025 Law Books   Dewey Decimal Classification   LAW   272 01/04/2025 Law Library Law Library Law Library 01/04/2025 MPP House 2295.00 Law Rupees 1 24

© For any Suggestions or Query, please contact the library staff @ librarian@pes.edu or Phone: +9180 2672 1983/ 2108.